Spanish vocab week 31 - Statistics

General Stats
  • This quiz has been taken 9 times
  • The average score is 23 of 70
Answer Stats
Hint Answer % Correct
to integrate integrar
100%
to support apoyar
75%
to assimilate asimilar
75%
to drown ahogarse
50%
to appear aparecer
50%
Algeria Argelia
50%
to detain/arrest detener
50%
citizen el ciudadano
50%
commitment el compromiso
50%
right el derecho
50%
prejudice el prejuicio
50%
insecure job el trabajo inseguro
50%
value el valor
50%
to send enviar
50%
to hide esconder
50%
to fluctuate fluctuar
50%
undocumented indocumentado
50%
immigrant association la asociación de inmigrantes
50%
community la comunidad
50%
desperation la desesperación
50%
social diversity la diversidad social
50%
schooling/ education la educación
50%
border la frontera
50%
integration la integración
50%
misery la miseria
50%
policies/ politics la política
50%
solidarity la solidaridad
50%
task la tarea
50%
fence la valla
50%
multicultural multicultural
50%
to jump saltar
50%
to acquire adquirir
25%
threatening amenazador
25%
to be based on apoyarse
25%
to border bordear
25%
to count contabilizar
25%
missing desaparecido
25%
to hand back devolver
25%
duty el deber
25%
migratory flow el flujo migratorio
25%
country of origin el país emisor
25%
host country el país receptor
25%
illegal immigrant el 'sin papeles'
25%
islamic veil el velo islámico
25%
entirely enteramente
25%
to flee huir de
25%
uncertainty la incertidumbre
25%
job insecurity la inestabilidad laboral
25%
free movement la libre circulación
25%
arrival la llegada
25%
dinghy/ small boat la patera
25%
customs/ habits las costumbres
25%
customs/ habits los hábitos
25%
Mahgrebi/ North African magrebí
25%
to belong to pertenecer a
25%
to be in evidence plantearse
25%
to go through traspasar
25%
to open the way for abrir una vía a
0%
medical aid el auxilio médico
0%
small canoe el cayuco
0%
I.D. card el documento nacional de identidad
0%
inhabitant el inquilino
0%
rise/ recovery el repunte
0%
process/ procedure el trámite
0%
to settle establecerse
0%
essential imprescindible
0%
raft la balsa
0%
mixed-race mestizo
0%
to start ponerse a
0%
new arrival recién llegado
0%
No matching quizzes found
Score Distribution
Percent of People with Each Score
Percentile by Number Answered
Your Score History
You have not taken this quiz